| 000 | 00565nam a2200217Ia 4500 | ||
|---|---|---|---|
| 003 | GCL | ||
| 008 | 140319s9999 xx 000 0 eng d | ||
| 040 |
_aGCL / _cGCL |
||
| 082 | 0 | 4 |
_a532 _bQ P |
| 100 | 1 | _aMESPLEDE, J | |
| 245 | 1 | 0 |
_aPRECES DE PHYSIQUE MECONIQUE DES FLUIDES PEPS / _cMESPLEDE, J |
| 700 | 1 | _aQUEYREL, J.L | |
| 260 |
_a[S.N] : _bBREAL ، _c1997 |
||
| 300 | _a172 P | ||
| 650 | 0 | 4 | _aالمجموعات النادرة |
| 650 | 0 | 4 | _aPHYSICS |
| 650 | 0 | 4 | _aMECHANICS |
| 650 | 0 | 4 | _aSOLID MECHANICS |
| 650 | 0 | 4 | _aMECHANICS FLUIDS |
| 942 |
_2ddc _cBK |
||
| 999 |
_c16182 _d16182 |
||